|
|
|
|
| LEADER |
00000nam a22000007a 4500 |
| 005 |
2016022405345.0 |
| 007 |
cr|||| ||u| |
| 008 |
160224s2013 bl ||||| |||| 00||0 por d |
| 020 |
|
|
|a 978-85-8183-020-9
|
| 035 |
|
|
|a 13110
|
| 040 |
|
|
|a vLex
|
| 090 |
|
|
|c 5932
|d 5932
|
| 100 |
0 |
|
|a Nascimento Flr̥es, Leandro Vanderlei
|
| 245 |
1 |
0 |
|a Arquitetura e Engenharia com Direitos Autorais
|h [Recurso electrn̤ico] /
|c Leandro Vanderlei Nascimento Flr̥es
|
| 256 |
|
|
|a Servicio en ln̕ea
|
| 260 |
|
|
|a Brasil
|b Pillares
|c 2013
|
| 300 |
|
|
|a 1 recurso electrn̤ico
|
| 500 |
|
|
|a Prefc̀io O ano de 2013 ̌um ano marcante para o Sindicato dos Arquitetos no Estado do Rio Grande do Sul, SAERGS. A entidade sindical completa 40 anos de existn̊cia. E dentre as diversas aė̳s que comemoram essa data, o apoio a este livro ̌uma das mais importantes. O tema do Direito Autoral em Arquitetura e Urbanismo, desde a Lei 5.194/66 – que regulamenta o Sistema CONFEA-CREA -, nô ̌facilmente inteligv̕el tanto para os pro&ssionais quanto para os seus contratantes. A Lei 9.610/98 que trata especi&camente do tema e a Lei 12.378/2010, que criou o Conselho de Arquitetura e Urbanismo, CAU, e separou a Arquitetura e Urbanismo do ḿbito do sistema CONFEA/CREA, nô sô de domn̕io da maioria dos pro&ssionais brasileiros. Consideramos que esta segunda ediȯ̂ do livro que agora, com o apoio do Sindicato dos Arquitetos no Estado do Rio Grande do Sul, o advogado Leandro Flores traz a pb︢lico ̌um marco para nossa pro&ssô. Cada dia mais o Arquiteto e Urbanista nô pode limitar-se a entender n︢ica e exclusivamente de sua prancheta ou da legislaȯ̂ edilc̕ia. Deve ampliar o seu conhecimento sobre a legislaȯ̂ para nô colocar-se em situaė̳s embaraȯsas na vida pro&ssional. Esta obra destina-se a orientar, a esclarecer e a dar a conhecer a legislaȯ̂ atinente ao Direito Autoral. A escassez de material de refern̊cia ̌o que faz deste livro algo tô importante, e denota a coragem empreendida por seu autor por enfrentar tema tô espinhoso. De maneira clara e didt̀ica o autor traz o debate ̉tona e apresenta aos pro&ssionais de Arquitetura e Urbanismo uma obra de consulta extremamente importante. Os capt̕ulos trazem conceitos fundamentais que voc ̊poder ̀acompanhar a partir da leitura deste livro. 8 Arquitetura e Engenharia com Direitos Autorais DIRETORIA – Gestô 2011/2013 Presidente – Arq. e Urb. Cicero Alvarez Vice-Presidente – Arq. e Urb. Oritz Adriano Adams de Campos Primeiro Diretor Secretr̀io – Arq. e Urb. Bruno Cšar Euphrasio de Mello Segundo Diretor Secretr̀io – Arq. e Urb. Nelson Moraes da Silva Rosa Diretora Primeira Tesoureira – Arq. e Urb. Lc︢ia Maria Banhos Fasoli Diretora Segunda Tesoureira – Arq. e Urb. Maria Anunciada Marques Sessegolo Diretores Suplentes – Arq. e Urb. Ednezer Rodrigues Flores; Arq. e Urb. Valdir Lara de Andrade Jr.; Arq. e Urb. Nb︢ia Margot Menezes Jardim; Arq. e Urb. Bruno dos Santos Cerezer; Arq. e Urb. Julio Ariel Guigou Norro; Diretor licenciado – Arq. e Urb. Cristiano Viegas Centeno Conselho Fiscal – Arq. e Urb. Cyrillo Severo Crestani; Arq. e Urb. Nestor Torelly Martins; Arq. e Urb. Jos ̌Carlos Pereira da Rosa Conselheiro suplente – Arq. e Urb. Arnaldo Knijnik Desta forma, convidamos os pro&ssionais a lerem com atenȯ̂ esta importante obra, material bs̀ico que pode ser aproveitado nô s ̤por pro&ssionais com anos de mercado, mas tambm̌ nas universidades, onde estô se formando a nova geraȯ̂ de Arquitetos e Urbanistas Brasileiros. Boa leitura. Cicero Alvarez (Presidente do SAERGS) e Bruno Cesar Euphrasio de Mello (Primeiro Diretor Secretr̀io do SAERGS)
|
| 506 |
1 |
|
|a Contenido solo disponible en los productos indicados
|d vLex Global
|d vLex Global (Academic Edition, excluding Law Schools)
|d vLex Global (U.S. Academic Edition, Law Schools)
|d vLex Global (U.S. Academic Edition, excluding Law Schools)
|d vLex Global (Academic Edition, Law Schools)
|
| 650 |
0 |
4 |
|a Derecho
|z Brasil
|
| 740 |
0 |
|
|a vLex libros (servicio en ln̕ea)
|
| 856 |
4 |
0 |
|u http://vlex.com/source/arquitetura-e-engenharia-com-direitos-autorais-13110
|z Acceso restringido
|
| 942 |
|
|
|c BOOK
|
| 999 |
0 |
|
|a Law
|